|
|
|
|
| LEADER |
01247nam a22003017a 4500 |
| 001 |
42058 |
| 003 |
BD-DhAAL |
| 005 |
20240114134420.0 |
| 008 |
240114r19931993enka|||| |||| 001 0 eng d |
| 020 |
|
|
|a 9780434000357
|
| 040 |
|
|
|a BD-DhAAL
|d BD-DhAAL
|
| 082 |
|
|
|a 371.1
|2 21
|
| 245 |
|
|
|a Learning to succeed :
|b a radical look at education today and a strategy for the future /
|c John Nicholas Walton; National Commission on Education (Great Britain), Paul Hamlyn Foundation.
|
| 260 |
|
|
|a London :
|b Heinemann,
|c 1993
|
| 300 |
|
|
|a 458 pages ;
|c 20 cm.
|
| 504 |
|
|
|a Includes bibliographical references and index.
|
| 541 |
|
|
|a Complimentary copy From BIED
|
| 650 |
|
|
|a Education.
|
| 650 |
|
|
|a Education
|z Great Britain.
|
| 650 |
|
|
|a Education
|x Aims and objectives.
|
| 650 |
|
|
|a Teaching.
|
| 650 |
|
|
|a First year teachers.
|
| 700 |
|
|
|a Walton, John Nicholas.
|9 55928
|
| 710 |
|
|
|a National Commission on Education (Great Britain),
|9 55929
|
| 710 |
|
|
|a Paul Hamlyn Foundation
|9 55930
|
| 942 |
|
|
|2 ddc
|c BK
|
| 999 |
|
|
|c 46296
|d 46296
|
| 952 |
|
|
|0 0
|1 0
|2 ddc
|4 0
|6 371_100000000000000_LEA
|7 0
|9 74946
|a BRACUL
|b BRACUL
|c GEN
|d 2024-01-14
|e Complimentary copy from BIED
|g 599.70
|l 1
|m 1
|o 371.1 LEA
|p 3010042058
|r 2024-01-30
|s 2024-01-25
|t 1
|w 2024-01-14
|y BK
|x Euro 4.99
|